000 02123nam a2200337 a 4500
001 ebr10320171
003 CaPaEBR
006 m u
007 cr cn|||||||||
008 070330s2007 cauaf sb 001 0beng
010 _z 2007011766
020 _z9781593761585
020 _z1593761589
040 _aCaPaEBR
_cCaPaEBR
035 _a(OCoLC)301192818
050 1 4 _aPS3549.U47
_bZ835 2007eb
082 0 4 _a811/.52
_aB
_222
100 1 _aScroggins, Mark,
_d1964-
245 1 4 _aThe poem of a life
_h[electronic resource] :
_ba biography of Louis Zukofsky /
_cMark Scroggins.
260 _a[Emeryville, CA] :
_bShoemaker & Hoard :
_b[Distributed by Publishers Group West],
_cc2007.
300 _axii, 572 p., [8] p. of plates :
_bill.
500 _aDistributor from jacket.
504 _aIncludes bibliographical references (p. [477]-555) and index.
505 0 _aA Lower East Side youth, 1904-1920 -- An ernster mensch at Columbia, 1920-1924 -- The lean twenties, 1924-1928 -- A thousand fiddles playing Bach, 1928-1930 -- "A"-1 through "A"-7 -- "Objectivists" : 1930-1931 -- At the helm of an avant-garde, 1932-1933 -- Politics and poetry, 1934-1935 -- Culture and design, 1936-1940 -- "A"-8 and first half of "A"-9 -- The home front, 1940-1945 -- A new life, 1946-1951 -- "A"-9 (second half) through "A"-12 -- The great world, 1952-1957 -- Going westward, 1958-1960 -- The darker world, 1961-1963 -- Short poems : contingencies and sequences -- Becoming a classic, 1964-1966 -- "A"-13 through "A"-20 -- Retiring, 1966-1969 -- At port, 1970-1978 -- "A"-21 through "A"-24 -- 80 flowers and "Gamut, 90 trees" -- Afterword : 1978-1980.
533 _aElectronic reproduction.
_bPalo Alto, Calif. :
_cebrary,
_d2013.
_nAvailable via World Wide Web.
_nAccess may be limited to ebrary affiliated libraries.
600 1 0 _aZukofsky, Louis,
_d1904-1978.
650 0 _aPoets, American
_y20th century
_vBiography.
655 7 _aElectronic books.
_2local
710 2 _aebrary, Inc.
856 4 0 _uhttp://site.ebrary.com/lib/rucke/Doc?id=10320171
_zAn electronic book accessible through the World Wide Web; click to view
999 _c60815
_d60815